logo

TEXTOS PARA LA HISTORIA DE ROMA (Record no. 64672)

MARC details
000 -CABECERA
campo de control de longitud fija 00472nam a2200181Ia 4500
001 - NÚMERO DE CONTROL
campo de control 29350
005 - FECHA Y HORA DE LA ÚLTIMA TRANSACCIÓN
campo de control 20260407094452.0
008 - CÓDIGOS DE INFORMACIÓN DE LONGITUD FIJA
campo de control de longitud fija 260115s9999 xx 000 0 und d
010 ## - NÚMERO DE CONTROL DE LA BIBLIOTECA DEL CONGRESO
Número de control de LC 64672
035 ## - NÚMERO DE CONTROL DEL SISTEMA
Número de control de sistema 19490
090 ## - LOCALMENTE ASIGNADO TIPO-LC NÚMERO DE CLASIFICACIÓN (OCLC); NÚMERO DE CLASIFICACIÓN LOCAL (RLIN)
Número de clasificación (OCLC) (R) ; Numero de clasificación CALL (RLIN) (NR) 94(37)
100 ## - PUNTO DE ACCESO PRINCIPAL - NOMBRE DE PERSONA
Nombre de persona GARCIA FUENTES Mª CRUZ Y ROVIRA SOLER MATILDE
245 #0 - MENCIÓN DE TÍTULO
Título TEXTOS PARA LA HISTORIA DE ROMA
260 ## - PUBLICACIÓN, DISTRIBUCIÓN, ETC. (PIE DE IMPRENTA)
Nombre del editor distribuidor etc. GRUPODIS S.A.
Fecha de publicación distribución etc. 1985
630 ## - PUNTO DE ACCESO ADICIONAL DE MATERIA--TÍTULO UNIFORME
Título uniforme HISTORIA
650 ## - PUNTO DE ACCESO ADICIONAL DE MATERIA--TÉRMINO DE MATERIA
Término de materia o nombre geográfico como elemento inicial HISTORIA DE ROMA ANTES Y DESPUES DE CRISTO
942 ## - ELEMENTOS DE PUNTO DE ACCESO ADICIONAL (KOHA)
Tipo de ítem Koha Monografías
Holdings
Estado de retiro Estado de pérdida Estado dañado No para préstamo Código de colección Localización permanente Ubicación/localización actual Ubicación en estantería Fecha de adquisición Enumeración/cronología de publicación seriada Número de inventario Número de registro Total de préstamos Signatura topográfica completa Código de barras Fecha visto por última vez Número de copia Precio válido a partir de Tipo de ítem Koha Nota pública
          Servicio de Estudios Históricos Servicio de Estudios Históricos   19/01/2006 94(37) 26188 26188   19490 FH_29350 05/02/2026 1 05/02/2026 Monografías 23 CMTS, 286 PAG, MADRID 1985, DONADO CORONEL MATEO